000 00846nam a2200253Ia 4500
003 OSt
005 20220923215308.0
006 a|||||r|||| 00| 0
007 ta
008 220922b |||||||| |||| 00| 0 hin d
024 _a177,502
037 _cTextual
040 _aARTS
_cARTS
_bhin
041 _2hin
_ahin
082 _aO152,1L53:g(P), M2
100 _aब्रज, किशोर सिंह
_9156315
245 0 _aपद््माकर का बिम्ब विधान
246 _aPadmākar kā bimba vidhāna
260 _aदिल्ली
_b अपर्ण पब्लि
_c1982
300 _a152 पृ.
_ccm.
650 _aहिन्दी साहित्य
_9156264
942 _hO152,1L53:g(P), M2
_cTEXL
_2CC
999 _c330890
_d330890